| 000 | 00000nam 2200000za 4500 |
| 001 | 9.633749 |
| 003 | CaOODSP |
| 005 | 20210624215456 |
| 007 | cr ||||||||||| |
| 008 | 150407s2004 xxc|||||o f|0| 0 fre d |
| 040 | |aCaOODSP|bfre |
| 043 | |an-cn--- |
| 086 | 1 |aH46-2/04-343F-PDF |
| 110 | 1 |aCanada. |bSanté Canada.|bDirection générale de la santé environnementale et de la sécurité des consommateurs. |
| 245 | 10|aGuide canadien d'évaluation des incidences sur la santé. Volume 1, Notions fondamentales |h[ressource électronique] / |crapport du Comité fédéral-provincial-territorial de l'hygiène du milieu et du travail. |
| 260 | |bSanté Canada, |c2004. |
| 300 | |a160 p. : |bfigures, glossaire, graphiques, tableaux. |
| 500 | |aLe n° de catalogue (H46-2/04-343F) et ISBN (0-662-76281-9) pour l'édition imprimée française ont été incorrectement copiés dans cette édition PDF. |
| 590 | |a07-02-Supp|b2007-04-05 |
| 691 | 07|aImpact sur la santé|2gcpds |
| 691 | 07|aManuel|2gcpds |
| 775 | 08|tCanadian handbook on health impact assessment. Volume 1, The basics |w(CaOODSP)9.689336 |
| 795 | |tGuide canadien d'évaluation des incidences sur la santé. Volume 1, Notions fondamentales |w(CaOODSP)9.639537 |
| 856 | 40|ahttp://publications.gc.ca|qPDF|s735 Ko|uhttps://publications.gc.ca/collections/Collection/H46-2-04-343F.pdf |